|
|
|
|
| LEADER |
00000cab a2200000 a 4500 |
| 001 |
032030 |
| 003 |
UAHC_CL |
| 005 |
20170803123431.0 |
| 008 |
040412b xx j 000 1 spa |
| 040 |
|
|
|a UAHC_CL
|c UAHC_CL
|d UAHC_CL
|
| 100 |
1 |
|
|a Barquero, Beatriz
|
| 245 |
1 |
3 |
|a La representación de estados de creencia en el acceso a información a textos narrativos /
|c Beatriz Barquero, Angel Riviére.
|
| 500 |
|
|
|a Estudios de Psicología (España), 2000.(65-66). pp. 183-202
|
| 500 |
|
|
|a Estudios de Psicología (España), 2000.(65-66). pp. 183-202
|
| 520 |
|
|
|a Se analiza si los modelos mentales construidos al leer textos en los que el protagonista presenta un estado mental de creencia (sobre la localización de un objeto o de otro personaje) influye en la accesibilidad se información supuestamente relevante según dicha creencia, y si esta influencia se refleja en los tiempos de reacción al reconocimiento de esta información. Se formulaban dos hipótesis: 1) Los sujetos que tenían como ítem de reconocimiento la localización inicial mostrarían tiempos de de reacción menores cuando el protagonista apareciera "asociado" a una creencia falsa, y 2) Los sujetos que respondían a la localización actual mostrarían tiempos de reacción menores cuando el protagonista aparecieras "asociado"a una creencia verdadera. Los datos resultan favorables respecto a la mayor accesibilidad de la localización actual en situaciones de creencia verdadera. En cuanto a la accesibilidad de la localización inicial en situaciones de creencia falsa, los datos comprueban una tendencia conforme a lo esperado, pero esta no alcanza la significación. Se proponen ciertas hipótesis explicativas de este último resultado.
|
| 520 |
|
|
|a Se analiza si los modelos mentales construidos al leer textos en los que el protagonista presenta un estado mental de creencia (sobre la localización de un objeto o de otro personaje) influye en la accesibilidad se información supuestamente relevante según dicha creencia, y si esta influencia se refleja en los tiempos de reacción al reconocimiento de esta información. Se formulaban dos hipótesis: 1) Los sujetos que tenían como ítem de reconocimiento la localización inicial mostrarían tiempos de de reacción menores cuando el protagonista apareciera "asociado" a una creencia falsa, y 2) Los sujetos que respondían a la localización actual mostrarían tiempos de reacción menores cuando el protagonista aparecieras "asociado"a una creencia verdadera. Los datos resultan favorables respecto a la mayor accesibilidad de la localización actual en situaciones de creencia verdadera. En cuanto a la accesibilidad de la localización inicial en situaciones de creencia falsa, los datos comprueban una tendencia conforme a lo esperado, pero esta no alcanza la significación. Se proponen ciertas hipótesis explicativas de este último resultado.
|
| 520 |
|
|
|a Se analiza si los modelos mentales construidos al leer textos en los que el protagonista presenta un estado mental de creencia (sobre la localizaciÛn de un objeto o de otro personaje) influye en la accesibilidad se informaciÛn supuestamente relevante según dicha creencia, y si esta influencia se refleja en los tiempos de reacciÛn al reconocimiento de esta informaciÛn. Se formulaban dos hipÛtesis: 1) Los sujetos que tenÌan como Ìtem de reconocimiento la localizaciÛn inicial mostrarÌan tiempos de de reacciÛn menores cuando el protagonista apareciera "asociado" a una creencia falsa, y 2) Los sujetos que respondÌan a la localizaciÛn actual mostrarÌan tiempos de reacciÛn menores cuando el protagonista aparecieras "asociado"a una creencia verdadera. Los datos resultan favorables respecto a la mayor accesibilidad de la localizaciÛn actual en situaciones de creencia verdadera. En cuanto a la accesibilidad de la localizaciÛn inicial en situaciones de creencia falsa, los datos comprueban una tendencia conforme a lo esperado, pero esta no alcanza la significaciÛn. Se proponen ciertas hipÛtesis explicativas de este último resultado.
|
| 700 |
1 |
|
|a Rivière, Angel
|
| 700 |
1 |
|
|a Rivière, Angel
|
| 759 |
|
|
|a PP066
|
| 773 |
0 |
|
|t Estudios de psicología.
|w 031866
|
| 900 |
|
|
|a ESTUD. PSICOL.-65-66/00
|
| 942 |
|
|
|c REVA
|
| 952 |
|
|
|0 0
|1 0
|4 0
|6 ESTUD___PSICOL_6566_00_000000000000000
|7 0
|8 General
|9 62179
|a BC
|b BC
|c General
|d 2017-08-03
|l 0
|o ESTUD. PSICOL.-65-66/00
|p FICTICIO2802
|r 2019-01-08 00:00:00
|t 1
|w 2017-08-03
|y REVA
|
| 999 |
|
|
|c 32030
|d 32030
|